000
00364nam a2200145Ia 4500
008
230718s9999 xx 000 0 und d
041
_a
Eng.
082
_a
500
_b
کر -ا
100
_a
کر امت غوری
245
0
_a
ایک لمحہ سچائی کا
260
_a
Pakistan
_b
سنگ میل بھی سیتر
_c
1585
300
_a
47
650
_a
Law
999
_c
28887
_d
28887